| 000 | 00602nam a2200205 a 4500 | ||
|---|---|---|---|
| 001 | 0632 | ||
| 005 | 20140414131910.0 | ||
| 008 | 040201s19uu xx 00 eng d | ||
| 020 | _a0-06-444202-0 | ||
| 050 |
_aER _bSn1 1993 |
||
| 100 | _aStadler, John | ||
| 245 |
_aAdventures of snail at school (The)/ _cJohn Stadler. |
||
| 260 |
_aU.S.A : _bHarper Trophy, _c1993. |
||
| 300 | _a64 p. ; cm. | ||
| 440 | _aAn I Can Read Book | ||
| 520 | _aSnail goes on three errands for his teacher and has amazing adventures. | ||
| 650 |
_aSnails _xfiction. |
||
| 650 |
_aSchool _xfiction. |
||
| 999 |
_c111144 _d111144 |
||